|
|
|
|
| LEADER |
01632njm a2200409 a 4500 |
| 001 |
000250731 |
| 003 |
CZ BrMZK |
| 005 |
20210411082103.0 |
| 008 |
950101s1967 xr f cze d |
| 028 |
0 |
3 |
|a 041 9997
|b Panton
|
| 040 |
|
|
|a BOA001
|b cze
|
| 080 |
|
|
|a 786.2.083"19"(086.7)
|2 MRF
|
| 080 |
|
|
|a 78"19"(086.7)
|2 MRF
|
| 245 |
0 |
0 |
|a 11. týden nové tvorby čs. skladatelů 1967
|h [zvukový záznam]
|
| 246 |
3 |
3 |
|a Šifry
|
| 246 |
3 |
|
|a Jedenáctý týden nové tvorby čs. skladatelů 1967
|
| 246 |
3 |
2 |
|a Diskuse pro klavír
|
| 246 |
3 |
3 |
|a Etudy a eseje pro klavír
|
| 260 |
|
|
|a Praha :
|b Panton,
|c p1967
|
| 300 |
|
|
|a 1 LP deska :
|b 33 ot/min ;
|c 30 cm
|
| 500 |
|
|
|a Nahr. 1967
|
| 500 |
|
|
|a Durata neuv
|
| 505 |
0 |
|
|a Etudy a eseje pro klavír, Šifry, Diskuse pro klavír.
|
| 511 |
0 |
|
|a Dagmar Baloghová, klavír; D. Šimonková, klavír; I. Kieslich, bicí ... [et al.]
|
| 653 |
0 |
|
|a bicí nástroje
|a elektroakustická hudba
|a klavír
|a klavírní koncertní etudy
|
| 700 |
1 |
|
|a Kapr, Jan,
|d 1914-1988
|7 jk01052921
|4 cmp
|
| 700 |
1 |
|
|a Slavický, Klement,
|d 1910-1999
|7 jk01111814
|4 cmp
|
| 700 |
1 |
|
|a Baloghová, Dagmar,
|d 1929-2017
|7 jn19981228027
|4 prf
|
| 700 |
1 |
|
|a Kieslich, Ivo
|7 xx0043848
|4 prf
|
| 700 |
1 |
|
|a Klíčník, Milan,
|d 1932-2018
|7 xx0146009
|4 prf
|
| 700 |
1 |
|
|a Šimonková, Dagmar,
|d 1936-
|7 pna2006327114
|4 prf
|
| 700 |
1 |
|
|a Blatný, Pavel,
|d 1931-2021
|7 jn19981000279
|4 cmp
|
| 910 |
|
|
|a BOA001
|b LP-0005.131
|
| 964 |
|
|
|a Klavír
|z stol.20.,pol.2.
|x LP
|
| 964 |
|
|
|a Hudba
|z stol.20.,pol.2.
|x LP
|
| 990 |
|
|
|a AV
|
| 996 |
6 |
|
|b 261H005313
|c LP-0005.131
|l MZK
|r Sklad / do 24 hodin
|n 0
|p dar
|w 000250731
|u 000010
|a 1
|e BOA001
|j MZK50
|s P
|